00383pab a2200133 454500008004000000245005700040260000900097300001500106362000800121650002100129650004000150650000900190773005000199180718b2014 xxu||||| |||| 00| 0 eng d aRice production in Indonesia: policy and performance c2014 ap.123-134. aJun aRice - Indonesia aAgricultural production - Indonesia aRice aAsia Pacific Journal of Public Administration